000 01603nam a2200361 a 4500
999 _c171657
_d171657
003 BLK
005 20250329154943.0
008 180411b bul|||||r ||||||| ||bul||
010 _aKNG00179939000
040 _aBLK
041 _aBUL
_cBUL
080 _aБългарска литература
_b821.163.2
_x-94
_z821.163.2-94
080 _aИстория на България
_b94(497.2)
_x(093)
_z94(497.2)(093)
100 _aПаисий Хилендарски
_d1722-1773
_gНароден будител
_qХадживълчев, Пенко (Петър) Михаилов
_9251543
139 _aПаисий Хилендарски
_bП 14
245 1 0 _aСлавянобългарска история
_cПаисий Хилендарски; под ред. и с предг. от Петър Николов Динеков.
257 _aBGR
260 _aСофия
_bБълг. писател
_c1972
300 _a271 с.
_b23 л. ил. и факс.
_c22 см
380 _aX
500 _a30 100 тир. - Изд. е посветено на 250-год. от рождението на Паисий Хилендарски.
650 0 _aБългария - история - извори
_9254752
653 _aбългарска история
653 _aизвори
700 1 _aДинеков, Петър Николов
_eпод ред. и с предг. от
_9363799
852 _aЦб 65744
856 4 _qpdf
856 4 _qpdf
942 _cKNG
_n0
_07
_s1
944 _aCR
_c17.08.2015
_k30560
_lГеновева Генчева
944 _aED
_c2022-07-19
_kир
999 _d171657